| 000 | 00356nam a2200121Ia 4500 | ||
|---|---|---|---|
| 008 | 220620s9999||||xx |||||||||||||| ||und|| | ||
| 245 | 0 | _aModern Slavery and Human Trafficking | |
| 546 | _aEnglish[eng] | ||
| 650 | _aSociology | ||
| 700 | _aReeves, Jane | ||
| 856 | _uhttps://mts.intechopen.com/storage/books/7802/authors_book/authors_book.pdf | ||
| 942 | _cEB | ||
| 999 |
_c24224 _d24224 |
||